000 01038nam a2200337 a 4500
001 60093
003 CO-BoRNBP
005 20251210151127.0
007 ta
008 880801s1985 sp a r 00010bspa d
020 _a8434581493
040 _aCO-BoBLA
_bspa
_cCO-BoBLA
041 1 _aspa
_hger
082 0 4 _a923.254
_bG15r4
_219 ed.
100 1 _aRau, Heimo.
_967742
245 1 0 _aGandhi /
_cHeimo Rau ; prólogo Ramiro A. Calle ; traducción del alemán a cargo de Rosa Pilar Blanco.
250 _a1a. edición
300 _a187 p. :
_bil. ;
_c20 cm.
336 _2rdacontent
_atexto
_btxt
337 _2rdamedia
_asin mediación
_bn
338 _2rdacarrier
_avolumen
_bnc
504 _aIncluye bibliografía.
600 1 7 _aGandhi, Mahatma,
_d1869-1948.
_967743
650 _2LEMB
700 1 _aCalle, Ramiro A.,
_d1943-
_967744
700 1 _aBlanco, Rosa Pilar,
_etr.
_961002
830 0 _aJorge Ortega Torres-Colección
_942595
830 0 _aBiblioteca Ulpiano Ayala
_942930
942 _2ddc
_cBK
949 _an
_bn
999 _c60093
_d60093